000 01090cam a22002777a 4500
999 _c330645
_d330645
001 14771142
003 NUST
005 20170727095152.0
008 070316s2007 pk b 000 0 urdo
010 _a 2007378479
020 _a9698917276
025 _aP-U-2007378479; 15
040 _aDLC
_cDLC
042 _alcode
050 0 0 _aMLCSA 2008/02606 (P)
082 _a891.4393001
_bASL
100 1 _aAslam, Fauziyah.
_93599
245 1 0 _aUrdu afsāne men̲ uslūb aur taknīk ke tajarbāt /
_cFauziyah Aslam.
246 1 _iTitle on t.p. verso:
_aUrdu afsanay mein usloob aur takneaq kay tajarbat
260 _aIslāmābād :
_bPūrab Akādamī,
_c2007.
300 _a472 p. ;
_c22 cm.
504 _aIncludes bibliographical references (p. [445]-472).
520 _aHistorical study of evoluation in format and style of Urdu short story during 20th century.
546 _aIn Urdu.
650 _aUrdu fasana
_vFun (Technique)
_93600
880 _6100-01\(3\r
_aفوزیہ اسلم
880 _6245-02\(3\r
_aاردو افسانے میں اسلوب اور تکنیک کے تجربات
_cفوزیہ اسلم
880 _6260-03\(3\r
_aاسلام آباد:
_bپورب اکیڈیمی،
_c2007
906 _a7
_bcbc
_corigode
_d4
_encip
_f20
_gy-gencatlg
942 _2ddc
_cBK